000 00339nam a2200133Ia 4500
008 220204s9999 xx 000 0 und d
082 _a543
_bWAL
100 _aHarold F
245 0 _aPrinciples and methods of chemical analysis
250 _aEd.2
260 _aNew Delhi
_bPrentice Hall
_c1966
650 _aChemical analysis
942 _cBK
999 _c20959
_d20959